Catálogo

DESCUBRIR LA ORACION (Registro nro. 33235)

Detalles MARC
000 -LEADER
fixed length control field 00484nam a2200181 a 4500
001 - CONTROL NUMBER
control field 33235
005 - DATE AND TIME OF LATEST TRANSACTION
control field 20180714001121.0
008 - FIXED-LENGTH DATA ELEMENTS--GENERAL INFORMATION
fixed length control field 140415s1992 000 0 spa d
020 ## - INTERNATIONAL STANDARD BOOK NUMBER
International Standard Book Number 2905480912
041 ## - LANGUAGE CODE
Language code of text/sound track or separate title spa
082 ## - DEWEY DECIMAL CLASSIFICATION NUMBER
Classification number 296.4
Item number MAR
100 1# - MAIN ENTRY--PERSONAL NAME
Personal name MARIE-LAETITIA
245 10 - TITLE STATEMENT
Title DESCUBRIR LA ORACION
260 ## - PUBLICATION, DISTRIBUTION, ETC.
Place of publication, distribution, etc. [s.l.] :
Name of publisher, distributor, etc. PUBLICACIONES KERYGMA,
Date of publication, distribution, etc. 1992
300 ## - PHYSICAL DESCRIPTION
Extent 59
490 ## - SERIES STATEMENT
Series statement VIDA EN EL ESPIRITU
Volume/sequential designation 1, SERIE PEQUEÑOS TRATADOS...
650 14 - SUBJECT ADDED ENTRY--TOPICAL TERM
Topical term or geographic name entry element ORACION
Existencias
Withdrawn status Lost status Source of classification or shelving scheme Damaged status Not for loan Collection code Home library Current library Shelving location Date acquired Source of acquisition Inventory number Total Checkouts Full call number Barcode Date last seen Date last checked out Price effective from Koha item type
    Dewey Decimal Classification     General Biblioteca Karol Wojtyla Biblioteca Karol Wojtyla Sala general 03/12/2013 Compra 151000000000000000058602 1 296.4 MAR 50823 05/01/2026 22/06/2024 03/12/2013 Libro